Länderraten II (mit Bild) - Statistiken

Allgemein
  • Dieses Quiz wurde 78 mal gespielt
  • Das Durchschnittsergebnis liegt bei 6 aus 16
Antwortstatistiken
Bildquiz Antwort % Korrekt
Ägypten
94%
Mexiko
82%
Mongolei
69%
Malaysia
51%
Argentinien
49%
Madagaskar
49%
Polen
43%
Schweden
40%
Kasachstan
32%
Ukraine
32%
Taiwan
29%
Vietnam
25%
Belgien
18%
Südafrika
9%
Pakistan
5%
Georgien
3%
Keine übereinstimmenden Quizze gefunden
Verteilung der Resultate
Anzahl Personen mit jedem Resultat
Perzentil nach korrekt beantworteten Fragen
Ihre Resultats-Entwicklung
Sie haben dieses Quiz noch nicht gespielt